| 000 | 01488cam a2200313 a 4500 | ||
|---|---|---|---|
| 001 | 000014677 | ||
| 003 | OSt | ||
| 005 | 20201002031104.0 | ||
| 008 | 021125s2002 ck a b 100 0 spa c | ||
| 020 | _a9587011767 | ||
| 040 |
_aDO-SdBNP _bspa _cBNPHU |
||
| 082 |
_a305.8861 _bS612a |
||
| 111 | 2 |
_aSimposio Internacional Pasado, Presente y Futuro de los Afrodescendientes _d(2001 : _cCartagena, Colombia) _933256 |
|
| 245 | 1 | 0 |
_aAfrodescendientes en las Américas : _btrayectorias sociales e identitarias : 150 anos de la abolición de la esclavitud en Colombia / _ceditores ; Claudia Mosquera, Mauricio Pardo, Odile Hoffmann. |
| 260 |
_aBogotá : _bUniversidad Nacional de Colombia : _bInstituto Colombiano de Antropología e Historia ICANH ; _bInstitut de recherche pour le développment IRD ; _bILSA, Instituto Latinoamericano de Servicios Legales Alternativos, _c2002. |
||
| 300 |
_a609 p. : _bil. _c24 cm. |
||
| 504 | _aIncluye referencias bibliográficas. | ||
| 590 | _aInventariado, 2020/ YL | ||
| 650 | 4 |
_aNegros _zColombia _xHistoria _vCONGRESOS _933257 |
|
| 650 | 4 |
_aEsclavitud _zColombia _xHistoria _vCONGRESOS. _933258 |
|
| 650 | 4 |
_aRelaciones raciales _zColombia _xHistoria _vCONGRESOS _933260 |
|
| 650 | 4 |
_aNegros _zAmérica Latina _xHistoria _vCONGRESOS _933261 |
|
| 651 | 4 |
_aColombia _xCivilización _vCONGRESOS. _933259 |
|
| 700 | 1 |
_aMosquera, Claudia. _933262 |
|
| 700 | 1 |
_aPardo, Mauricio. _933263 |
|
| 700 | 1 |
_aHoffmann, Odile. _933264 |
|
| 910 | _aEn proceso | ||
| 942 |
_2ddc _cLF1 |
||
| 999 |
_c14261 _d14261 |
||